000 01088nam a2200265Ia 4500
003 OSt
005 20220923211040.0
006 a|||||r|||| 00| 0
007 ta
008 220922b |||||||| |||| 00| 0 hin d
020 _a8173120617 (hbk)
_c550
024 _a273,267
037 _b23059, 16/08/2013, Kitab Ghar
_cTextual
040 _aARTS
_cARTS
_bhin
041 _2hin
_ahin
082 _aNW44,P1, 152P6
100 _aसिन्हा, प्रसून
_9157587
245 0 _aभरतीय सिनेमा* एक अनन्त यात्रा* सिनेमा, देश काल और समाज एक अध्ययन
246 _aBharatīya sinemā: ek ananta yātrā: sinemā, desh kāl aur samāj ek adhyayana
260 _aदिल्ली
_b नटराज प्रकाशन
_c2006
300 _a256पृ.
_ccm.
650 _aहिन्दी साहित्य
_9156264
942 _hNW44,P1, 152P6
_cTEXL
_2CC
999 _c294479
_d294479